<?xml version="1.0" encoding="UTF-8"?>
<record
    xmlns:xsi="http://www.w3.org/2001/XMLSchema-instance"
    xsi:schemaLocation="http://www.loc.gov/MARC21/slim http://www.loc.gov/standards/marcxml/schema/MARC21slim.xsd"
    xmlns="http://www.loc.gov/MARC21/slim">

  <leader>01507nam a22002657a 4500</leader>
  <controlfield tag="008">160723s2003        gw||||| |||| 00| 0 eng d</controlfield>
  <datafield tag="020" ind1=" " ind2=" ">
    <subfield code="a">3775712208</subfield>
  </datafield>
  <datafield tag="082" ind1="0" ind2="4">
    <subfield code="a">708</subfield>
    <subfield code="b">H874z</subfield>
  </datafield>
  <datafield tag="100" ind1=" " ind2=" ">
    <subfield code="a">Huan, Zhang.</subfield>
    <subfield code="9">5311</subfield>
  </datafield>
  <datafield tag="245" ind1="1" ind2="0">
    <subfield code="a">Zhang Huan /</subfield>
    <subfield code="c">Zhang Huan ; curador Yilmaz Dzierwior ; Kunstverein in Hamburg.</subfield>
  </datafield>
  <datafield tag="250" ind1=" " ind2=" ">
    <subfield code="a">1a ed.</subfield>
  </datafield>
  <datafield tag="260" ind1=" " ind2=" ">
    <subfield code="a">Alemania :</subfield>
    <subfield code="b">Hatje Cantz,</subfield>
    <subfield code="c">2003.</subfield>
  </datafield>
  <datafield tag="300" ind1=" " ind2=" ">
    <subfield code="a">118 p.</subfield>
    <subfield code="b">il. col.</subfield>
  </datafield>
  <datafield tag="500" ind1=" " ind2=" ">
    <subfield code="a">Este cat&#xE1;logo fue publicado en conjunto a la exhibici&#xF3;n "Zhang Huan" en Kunstverein in Hamburg del 30 de noviembre del 2002 al 9 de febrero del 2003, y en el Museum Bochum del 5 de abril al 15 de junio del 2003.</subfield>
  </datafield>
  <datafield tag="505" ind1="0" ind2=" ">
    <subfield code="t">Seeds of Hamburg</subfield>
    <subfield code="r">Yilmaz Dziewior.</subfield>
    <subfield code="t">Intensified corporeality</subfield>
    <subfield code="r">Yu Yeon Kim.</subfield>
    <subfield code="t">Der k&#xF6;rper als interkulturelles mediu der kommunikation zum spirituellen hintergrund der kunst von Zhang Huan</subfield>
    <subfield code="r">Hans G&#xFC;nter Golinski.</subfield>
    <subfield code="t">The body as intercultural medium of communication on the spiritual background to the art of Zhang Huan</subfield>
    <subfield code="r">Hans G&#xFC;nter Golinski.</subfield>
    <subfield code="t">Abbildungen/Illustrations.</subfield>
    <subfield code="t">Dank des herausgebers.</subfield>
    <subfield code="t">Editor's acknowledgements.</subfield>
    <subfield code="t">Biografie / Biography.</subfield>
    <subfield code="t">Bibliografie / Bibliography.</subfield>
    <subfield code="t">Abgebildete Arbeiten / Illustrated works.</subfield>
    <subfield code="t">Impressum / Colophon.</subfield>
  </datafield>
  <datafield tag="653" ind1="1" ind2="0">
    <subfield code="a">Arte contempor&#xE1;neo</subfield>
  </datafield>
  <datafield tag="653" ind1="1" ind2="0">
    <subfield code="a">Arte conceptual</subfield>
  </datafield>
  <datafield tag="653" ind1="1" ind2="0">
    <subfield code="a">Performance</subfield>
  </datafield>
  <datafield tag="653" ind1="1" ind2="0">
    <subfield code="a">Arte - China</subfield>
  </datafield>
  <datafield tag="653" ind1="1" ind2="0">
    <subfield code="a">Exhibiciones</subfield>
  </datafield>
  <datafield tag="653" ind1="1" ind2="0">
    <subfield code="a">Cat&#xE1;logo de exhibici&#xF3;n</subfield>
  </datafield>
  <datafield tag="700" ind1="1" ind2=" ">
    <subfield code="a">Dziewior, Yilmaz.</subfield>
    <subfield code="e">curador.</subfield>
    <subfield code="9">5312</subfield>
  </datafield>
  <datafield tag="710" ind1="2" ind2=" ">
    <subfield code="a">Kunstverein in Hamburg.</subfield>
    <subfield code="9">5313</subfield>
  </datafield>
  <datafield tag="710" ind1="2" ind2=" ">
    <subfield code="a">Museum Bochum.</subfield>
    <subfield code="9">5314</subfield>
  </datafield>
  <datafield tag="999" ind1=" " ind2=" ">
    <subfield code="c">982</subfield>
    <subfield code="d">982</subfield>
  </datafield>
  <datafield tag="952" ind1=" " ind2=" ">
    <subfield code="0">0</subfield>
    <subfield code="1">0</subfield>
    <subfield code="2">ddc</subfield>
    <subfield code="4">0</subfield>
    <subfield code="7">0</subfield>
    <subfield code="a">LV</subfield>
    <subfield code="b">LV</subfield>
    <subfield code="c">Monograf&#xED;as</subfield>
    <subfield code="d">2016-07-23</subfield>
    <subfield code="l">0</subfield>
    <subfield code="o">708 H874z</subfield>
    <subfield code="p">000847</subfield>
    <subfield code="r">2016-07-23 00:00:00</subfield>
    <subfield code="w">2016-07-23</subfield>
    <subfield code="y">01</subfield>
  </datafield>
</record>
